书目信息 |
| 题名: |
物业安全管理实操一本通
|
|
| 作者: | 余源鹏 主编 | |
| 分册: | ||
| 出版信息: | 北京 机械工业出版社 2009 |
|
| 页数: | 257页 | |
| 开本: | 24cm | |
| 丛书名: | 物业管理服务实操一本通丛书 | |
| 单 册: | ||
| 中图分类: | F293.33 | |
| 科图分类: | ||
| 主题词: | 物业管理--安全管理 , 物业管理 | |
| 电子资源: | ||
| ISBN: | 978-7-111-26969-4 | |
| 000 | 01289oam2 2200277 45 | |
| 001 | 1033113687 | |
| 005 | 20100408161209.70 | |
| 010 | @a978-7-111-26969-4@dCNY36.00 | |
| 100 | @a20100402d2009 ekmy0chiy0120 ea | |
| 101 | 0 | @achi |
| 102 | @aCN@b110000 | |
| 105 | @aa z 000yy | |
| 106 | @ar | |
| 200 | 1 | @a物业安全管理实操一本通@AWu Ye An Quan Guan Li Shi Cao Yi Ben Tong@e物业安全管理与治安、交通、车辆、消防、应急管理实务@EWu Ye An Quan Guan Li Yu Zhi An、 Jiao Tong、 Che Liang、 Xiao Fang、 Ying Ji Guan Li Shi Wu@f余源鹏主编@FYu Yuan Peng Zhu Bian |
| 210 | @a北京@c机械工业出版社@d2009 | |
| 215 | @a257页@c图@d24cm | |
| 225 | 2 | @a物业管理服务实操一本通丛书 |
| 330 | @a本书从实际操作与管理的角度出发,对物业安全部管理与治安、交通、车辆、消防、应急管理进行了详细的论述。全书共分6章,分别为物业安全管理总论、安全部内部管理、治安管理、交通车辆管理、消防管理、应急处理。 | |
| 461 | 0 | @12001 @a物业管理服务实操一本通丛书 |
| 517 | 1 | @a物业安全管理与治安、交通、车辆、消防、应急管理实务@AWu Ye An Quan Guan Li Yu Zhi An、 Jiao Tong、 Che Liang、 Xiao Fang、 Ying Ji Guan Li Shi Wu |
| 606 | 0 | @a物业管理@x安全管理 |
| 606 | 0 | @a物业管理 |
| 690 | @aF293.33@v4 | |
| 701 | 0 | @a余源鹏@AYu Yuan Peng@4主编 |
| 801 | 0 | @aCN@bTANGWEI@c20100408 |
| 905 | @b0588577-80@dF293.33@e841@f4 | |
| 物业安全管理实操一本通:物业安全管理与治安、交通、车辆、消防、应急管理实务/余源鹏主编.-北京:机械工业出版社,2009 |
| 257页:图;24cm.-(物业管理服务实操一本通丛书) |
| ISBN 978-7-111-26969-4:CNY36.00 |
| 本书从实际操作与管理的角度出发,对物业安全部管理与治安、交通、车辆、消防、应急管理进行了详细的论述。全书共分6章,分别为物业安全管理总论、安全部内部管理、治安管理、交通车辆管理、消防管理、应急处理。 |
| ● |
| 相关链接 |
|
|
|
|
正题名:物业安全管理实操一本通
索取号:F293.33/841
 
预约/预借
| 序号 | 登录号 | 条形码 | 馆藏地/架位号 | 状态 | 备注 |
| 1 | 0588577 | 205885773 | 第一样本阅览室/ [索取号:F293.33/841] | 在馆 | |
| 2 | 0588578 | 205885782 | 第一借阅区/ [索取号:F293.33/841] | 在馆 | |
| 3 | 0588579 | 205885791 | 第一借阅区/ [索取号:F293.33/841] | 在馆 | |
| 4 | 0588580 | 205885808 | 第一借阅区/ [索取号:F293.33/841] | 在馆 |